| 000 | 00620nam a2200205 a 4500 | ||
|---|---|---|---|
| 005 | 20230225063659.0 | ||
| 008 | 040121s2002 es r 000 0 spa d | ||
| 020 | _a8483165503 | ||
| 035 | _aUPN01000131447 | ||
| 049 | _aCG | ||
| 050 | 4 |
_aRA790.55 _bC7.5 |
|
| 100 | 1 | _aCruz Souza, Fátima | |
| 245 | 1 | 0 |
_aIntroducción a la psicología comunitaria / _cFátima Cruz Souza, María José Aguilar Idáñez. |
| 260 |
_aMadrid : _bCCS, _c2002. |
||
| 300 | _a140 p. | ||
| 440 | 0 |
_aEducar ; _v23 |
|
| 650 | 4 |
_aPsicología de la comunidad _98249 |
|
| 700 | 1 |
_aAguilar Idáñez, María José _ecoaut. _928676 |
|
| 905 | _aLibro | ||
| 999 |
_c103602 _d103602 |
||